| 000 | 01330ngm a22003730a 4500 | ||
|---|---|---|---|
| 001 | PT41395 | ||
| 003 | AR-LpoUNG | ||
| 005 | 20210201235906.0 | ||
| 007 | vd cvaizq | ||
| 008 | 191001ss. f||||ag |||||||||||||||||eng d | ||
| 037 | _c$13.75 | ||
| 040 |
_aAR-LpoUNG _bspa _cAR-LpoUNG _eaacr |
||
| 041 |
_aeng _aspa |
||
| 044 | _aag | ||
| 082 | 0 | _a940.531 8 642est | |
| 100 | 1 |
_aHildebrandt, Dieter _edir. |
|
| 245 | 1 | 3 |
_aLa estrella amarilla : _bleyes raciales durante el nazismo |
| 260 |
_aBuenos Aires : _bBlackman, _cS. f.. |
||
| 300 | _aDVD (85 min.) : son., byn | ||
| 505 | 0 | _aDiálogos en Inglés, subtítulos en castellano | |
| 520 | _aEste film muestra como documento la persecución judia de los años 1938-1945, ofrece una imágen auténtica de aquellos años en los cuales la persecución de los judíos y el genocido tuvieron terribles consecuencias. La película pone de manifiesto también que estos hechos crueles no ocurrieron a gran distancia de la población alemana. | ||
| 650 | 4 | _aALEMANES | |
| 650 | 4 | _aALEMANIA | |
| 650 | 4 | _aANALISIS HISTORICO | |
| 650 | 4 | _aANTISEMITISMO | |
| 650 | 4 | _aDISCRIMINACION | |
| 650 | 4 | _aJUDIOS | |
| 650 | 4 | _aPOLITICA RACIAL | |
| 651 | 4 | _aDOCUMENTOS TEORICOS O METODOLOGICOS | |
| 653 | _aDOCUMENTALES | ||
| 653 | _aVIDEOS | ||
| 905 | _a41395 | ||
| 942 | _cDVD | ||
| 999 |
_c53728 _d53728 |
||